Countries that have Nuclear bombs - Statistics

General Stats
  • This quiz has been taken 144 times
  • The average score is 8 of 9
Answer Stats
No of bombs Country % Correct
6,257 Russia
99%
5,550 USA
97%
290 France
96%
350 China
93%
225 UK
93%
45 North Korea
92%
160 India
86%
165 Pakistan
78%
90 Israel
73%
No matching quizzes found
Score Distribution
Percent of People with Each Score
Percentile by Number Answered
Your Score History
You have not taken this quiz